Loading...

Your Relationship:A Work In Progress

Bibliographic Details
Main Author: Dr Lucy Atcheson
Format: Printed Book
Published: Australia Hay House 2006
Subjects:
LEADER 00505nam a22001457a 4500
020 |a 978-1-8485-0099-0 
082 |a 261.835 ATC/YO 
100 |a Dr Lucy Atcheson 
245 |a Your Relationship:A Work In Progress 
260 |a Australia   |b Hay House  |c 2006 
300 |a 246 
650 |a why i wrote this book  |a do you need this books 
942 |c BK 
999 |c 168989  |d 168989 
952 |0 0  |1 0  |4 0  |6 261_835000000000000_ATC_YO  |7 0  |9 173937  |a KAUCOAP  |b KAUCOAP  |d 2016-03-15  |o 261.835 ATC/YO  |p KAU_COAP06148  |r 2016-03-15  |w 2016-03-15  |y BK